James Blunt - Who we used to be songs - Statistics

General Stats
  • This quiz has been taken 12 times
  • The average score is 9 of 10
Answer Stats
Answer % Correct
Beside you
100%
Dark thought
100%
The girl that never was
100%
Glow
90%
Saving a life
90%
Cold shoulder
80%
I won't die with you
80%
Some kind of beautiful
80%
Last dance
70%
All the love that I ever needed
60%
No matching quizzes found
Score Distribution
Percent of People with Each Score
Percentile by Number Answered
Your Score History
You have not taken this quiz